SAVING FAITH (Record no. 21189)

MARC details
000 -LEADER
fixed length control field 00307nam a2200133Ia 4500
008 - FIXED-LENGTH DATA ELEMENTS--GENERAL INFORMATION
fixed length control field 240624s9999 xx 000 0 und d
041 ## - LANGUAGE CODE
Language code of text/sound track or separate title eng
082 ## - DEWEY DECIMAL CLASSIFICATION NUMBER
Classification number 823 BAL
100 ## - MAIN ENTRY--PERSONAL NAME
Personal name BALDACCI DAVID
245 ## - TITLE STATEMENT
Title SAVING FAITH
260 ## - PUBLICATION, DISTRIBUTION, ETC.
Date of publication, distribution, etc. 1999
Place of publication, distribution, etc. London
Name of publisher, distributor, etc. Pan Books
300 ## - PHYSICAL DESCRIPTION
Extent 453 : p. : cm. ; 18
365 ## - TRADE PRICE
Currency code RS
Holdings
Withdrawn status Lost status Damaged status Not for loan Home library Current library Shelving location Date acquired Source of acquisition Cost, normal purchase price Full call number Barcode Date last seen Copy number Price effective from Koha item type
        IMTN IMTN Rack 39-A 05/16/2013 IMTN 335.00 823 BAL 21189 06/24/2024 1 06/24/2024 Books
Designed & Maintained by: LRC IMT Nagpur Contact: lrc@imtnag.ac.in© 2024. All Rights Reserved.